Crime and punishment / (Record no. 174593)
[ view plain ]
| 000 -LEADER | |
|---|---|
| fixed length control field | 01237cam a22003134a 4500 |
| 001 - CONTROL NUMBER | |
| control field | 13266391 |
| 003 - CONTROL NUMBER IDENTIFIER | |
| control field | Nust |
| 005 - DATE AND TIME OF LATEST TRANSACTION | |
| control field | 20170202110126.0 |
| 008 - FIXED-LENGTH DATA ELEMENTS--GENERAL INFORMATION | |
| fixed length control field | 020808s2003 enk b 000 f eng d |
| 010 ## - LIBRARY OF CONGRESS CONTROL NUMBER | |
| LC control number | 2003275315 |
| 020 ## - INTERNATIONAL STANDARD BOOK NUMBER | |
| International Standard Book Number | 9780140449136 |
| 040 ## - CATALOGING SOURCE | |
| Original cataloging agency | DLC |
| Transcribing agency | DLC |
| Modifying agency | DLC |
| 041 1# - LANGUAGE CODE | |
| Language code of text/sound track or separate title | eng |
| Language code of original | rus |
| 042 ## - AUTHENTICATION CODE | |
| Authentication code | pcc |
| 050 00 - LIBRARY OF CONGRESS CALL NUMBER | |
| Classification number | PG3326 |
| Item number | .P7 2003 |
| 082 00 - DEWEY DECIMAL CLASSIFICATION NUMBER | |
| Classification number | 891.733 |
| Author Mark | DOS |
| 100 1# - MAIN ENTRY--PERSONAL NAME | |
| Personal name | Dostoyevsky, Fyodor, |
| Dates associated with a name | 1821-1881. |
| 240 10 - UNIFORM TITLE | |
| Uniform title | Prestuplenie i nakazanie. |
| Language of a work | English |
| 245 10 - TITLE STATEMENT | |
| Title | Crime and punishment / |
| Statement of responsibility, etc. | Fyodor Dostoyevsky ; |
| 250 ## - EDITION STATEMENT | |
| Edition statement | [Rev. ed.]. |
| 260 ## - PUBLICATION, DISTRIBUTION, ETC. | |
| Place of publication, distribution, etc. | London ; |
| -- | New York : |
| Name of publisher, distributor, etc. | Penguin, |
| Date of publication, distribution, etc. | 2003. |
| 300 ## - PHYSICAL DESCRIPTION | |
| Extent | xxxiv, 671 p. ; |
| Dimensions | 20 cm. |
| 440 #0 - SERIES STATEMENT/ADDED ENTRY--TITLE | |
| Title | Penguin classics |
| 504 ## - BIBLIOGRAPHY, ETC. NOTE | |
| Bibliography, etc. note | Includes bibliographical references (p. [xxiii]-xxiv). |
| 700 1# - ADDED ENTRY--PERSONAL NAME | |
| Personal name | McDuff, David, |
| Dates associated with a name | 1945- |
| 856 42 - ELECTRONIC LOCATION AND ACCESS | |
| Materials specified | Contributor biographical information |
| Uniform Resource Identifier | <a href="http://www.loc.gov/catdir/enhancements/fy0716/2003275315-b.html">http://www.loc.gov/catdir/enhancements/fy0716/2003275315-b.html</a> |
| 856 42 - ELECTRONIC LOCATION AND ACCESS | |
| Materials specified | Publisher description |
| Uniform Resource Identifier | <a href="http://www.loc.gov/catdir/enhancements/fy0716/2003275315-d.html">http://www.loc.gov/catdir/enhancements/fy0716/2003275315-d.html</a> |
| 906 ## - LOCAL DATA ELEMENT F, LDF (RLIN) | |
| a | 7 |
| b | cbc |
| c | orignew |
| d | 3 |
| e | ncip |
| f | 20 |
| g | y-gencatlg |
| 942 ## - ADDED ENTRY ELEMENTS (KOHA) | |
| Source of classification or shelving scheme | |
| Koha item type | Book |
| Withdrawn status | Lost status | Source of classification or shelving scheme | Damaged status | Not for loan | Collection code | Permanent Location | Current Location | Shelving location | Date acquired | Total Checkouts | Total Renewals | Full call number | Barcode | Checked out | Date last seen | Date last checked out | Copy number | Price effective from | Koha item type |
|---|---|---|---|---|---|---|---|---|---|---|---|---|---|---|---|---|---|---|---|
| Central Library (CL) | Central Library (CL) | Fiction | 02/02/2017 | 10 | 6 | 891.733 DOS | CL818 | 12/10/2025 | 11/10/2025 | 11/10/2025 | 1 | 02/02/2017 | Book | ||||||
| Central Library (CL) | Central Library (CL) | 10/12/2025 | 1 | 2 | 891.733 DOS | CL818A | 01/30/2026 | 10/20/2025 | 10/12/2025 | Book |
